Changing forms of employment : organisations, skills and gender

Αποθηκεύτηκε σε:
Λεπτομέρειες βιβλιογραφικής εγγραφής
Άλλοι συγγραφείς: Purcell, Kate (Επιμελητής έκδοσης), Crompton, Rosemary (Επιμελητής έκδοσης), Gallie, Duncan (Επιμελητής έκδοσης)
Μορφή: Βιβλίο
Γλώσσα:English
Δημοσίευση: London; New York : Routledge, [c1996]
Θέματα:
Ετικέτες: Προσθήκη ετικέτας
Δεν υπάρχουν, Καταχωρήστε ετικέτα πρώτοι!

MARC

LEADER 00000nam a2200000 i 4500
001 1/90400
008 980602s1996 eng d
020 |a 0-415-13371-8 (hbk.) 
020 |a 0-415-14116-8 (pbk.) 
035 |l 10053089 
040 |a GR-MY-UA  |b gre  |e aacr 
041 0 |a eng 
082 0 |a 331  |2 (22) 
245 1 0 |a Changing forms of employment :  |b organisations, skills and gender /  |c edited by Rosemary Crompton, Duncan Gallie and Kate Purcell 
260 |a London; New York :   |b Routledge,   |c [c1996] 
300 |a xi, 281 σ.  |b εικ.; πιν. 
504 |a Περιλαμβάνει βιβλιογραφικές αναφορές και ευρετήριο 
650 0 0 |a Work. 
650 0 0 |a Employment (Economic theory) 
650 0 0 |a Occupations. 
650 0 0 |a Industrial organization. 
650 0 0 |a Skilled labor. 
650 0 0 |a Discrimination im employement. 
700 1 |a Purcell, Kate.  |4 edt 
700 1 |a Crompton, Rosemary.  |4 edt 
700 1 |a Gallie, Duncan.  |4 edt 
852 |a INST  |b CHIOS  |e 19980602  |h 331 CHA  |p 005200016363  |q 005200016363  |t BK  |y 0 
852 |a INST  |b LESVOS  |e 19990927  |h 331 CHA  |p 005100019422  |q 005100019422  |t BK  |y 0 
852 |a INST  |b RHODES  |e 20060912  |h 331 CHA  |p 005400024268  |q 005400024268  |t BK  |y 0 
901 |a BIBL1-1999-3 
901 |a BIBL-1998-2 
901 |a BIBL4-2006-2 
909 |a Λ  |b 066414 
909 |a Χ  |b 056616 
909 |a Ρ  |b 129054 
920 |a ΑΝΑΜΟΡΦΩΣΗ  |b ΕΠΕΑΕΚ ΙΙ-ΤΕΠΑΕΣ  |y ΡΟΔΟΣ  |z 2006-07 
922 |a 1ΕΛΗ  |b 199906  |c ΚΠΣ/ΤΚ  |d ΠΑΠΑΣΩΤΗΡΙΟΥ 
922 |a 2ΕΛΗ  |b 199805  |c ΤΔΕ  |d ΠΑΠΑΣΩΤΗΡΙΟΥ 
950 |a 103-1998-07-27 
970 |a ΜΟΥΣΤΑΚΑ  |b ΠΗΝΕΛΟΠΗ  |z 1999/09/29